000 00369 a2200169 4500
001 157391
020 _a9788571533691
040 _cEscola São Tomás de Aquino
100 _aMelo, Eunice de
240 1 0 _aEu acho que não!
_l
245 1 0 _aEu acho que não!
300 _a28
362 0 _a2019
440 1 _aRHJ
697 _a*LITERATURA INFANTIL
942 _cBK
999 _c157391
_d157391